00486nam a22001337a 4500003000500000038001800005082000800023100001700031245012900048264003400177650004300211700004100254856005700295NUST aNusrat Nadeem a200 aMurad, Didar aModeling and Analysis of SARS-CoV-2-Induced Complement and Hemostatic Systems Using Computational Approaches/cDidar Murad,  aIslamabad:bSINES NUSTc2025. aPhD-Computation Science & Engineering  aSupervisor: Dr. Rehan Zafar Paracha uhttp://10.250.8.41:8080/xmlui/handle/123456789/56305